000 00797nac a22002171i 4500
003 EG-ScBUE
005 20240911103048.0
008 240911s1992 ii a f 000 0 eng d
040 _aEG-ScBUE
_beng
_erda
_cEG-ScBUE
_dEG-ScBUE
082 0 4 _a510.711
_bDAS
_222
100 1 _aDass, H. K.,
_eauthor.
245 1 0 _aPolytechnic mathematics for diploma level engineering courses /
_cby H. K. Dass, M.SC., Diploma in Specialist Studies in Mathematics, University of Hull (U.K.).
264 1 _aNew Delhi :
_bS. Chand and Company LTD.,
_c1992.
300 _a496 pages :
_billustrations ;
_c20 cm
336 _2rdacontent
_atext
_btxt
337 _aunmediated
_2rdamedia
_bn
338 _avolume
_bnc
_2rdacarrier
650 7 _aMathematics.
_2BUEsh
655 _vReading book
942 _cBB
_2ddc
999 _c9950
_d9950